| 000 | 00587cam0a220018100 4500 | ||
|---|---|---|---|
| 005 | 20190814092356.0 | ||
| 008 | 020226 | ||
| 020 | _a0880481145 | ||
| 035 | _a(Sirsi) a144658 | ||
| 050 | 0 | _aRC 454 AND 1991 | |
| 100 | 1 | _aAndreasen, Nancy C. | |
| 245 | 1 | 0 |
_aIntroductory textbook of psychiatry/ _cNancy C. Andreasen and Donald W. Black. |
| 260 |
_aWashington, D.C.: _bAmerican Psychiatric Press, _c1991 |
||
| 300 |
_aviii, 565p.: _bill. |
||
| 504 | _aIncludes bibliographical references and index | ||
| 650 | 0 | _aPsychiatry | |
| 700 | 0 | 0 | _aBlack, Donald W. |
| 999 |
_c31844 _d31844 |
||